| 000 | 00378nam a2200157 i 4500 | ||
|---|---|---|---|
| 001 | bg | ||
| 100 | 1 | _aOLLARD, E. A. | |
| 245 | 0 |
_aHandbook of industrial electroplating / _cE.A. Ollard, E.B. Smith. |
|
| 250 | _a3rd ed. | ||
| 260 |
_aLondon, _c1964. |
||
| 700 | 1 | _aSMITH, E. B. | |
| 040 | _cBPK | ||
| 041 | _apol | ||
| 942 | _cKS | ||
| 008 | s pl f |000 0 pol | ||
| 999 |
_c15537 _d15537 |
||
| 856 |
_uhttp://koha.tu.koszalin.pl/cgi-bin/koha/opac-detail.pl?biblionumber=15537 _yKatalog online BPK |
||